| 000 | 00000nas 2200000za 4500 |
| 001 | 9.864509 |
| 003 | CaOODSP |
| 005 | 20221107161548 |
| 007 | cr ||||||||||| |
| 008 | 181109d19491959oncar p oss f000#b0eng| |
| 022 | # |y0318-255X |
| 040 | |aCaOODSP|beng |
| 041 | |aeng|afre |
| 043 | |an-cn--- |
| 086 | 1 |aCS35-207-PDF |
| 245 | 04|aThe miscellaneous wood-using industries |h[electronic resource] / |cprepared in the Forestry Section of the Industry and Merchandising Division, Dominion Bureau of Statistics ... = Les industries diverses utilisant le bois / préparé dans la Section des forêts de la Division de l'industrie et du commerce, Bureau fédéral de la statistique, ... |
| 246 | 11|aIndustries diverses utilisant le bois |
| 260 | |aOttawa : |bDominion Bureau of Statistics = Bureau fédéral de la statistique, |c1952-1961. |
| 300 | |a11 v. |
| 310 | |aAnnual |
| 362 | 0 |a1949-1959. |
| 500 | |aParallel title: Les industries diverses utilisant le bois. |
| 500 | |aDigitized edition from print [produced by Statistics Canada] |
| 515 | |aIssues for 1949-1950 called v. 2, pt. 9-G-1; 1951-1953, called v. 2 , pt. 8-G-1; 1954-1957, called v. 2, pt. 10-G-1. |
| 546 | |aText in English and French. |
| 550 | |aIssued 1957-1959 by Industry and Merchandising Division. |
| 580 | |aSplit into: Miscellaneous wood industries (Final); Wooden box factories (Final); Coffin and casket industry (Final); and, Venetian blind manufacturers. |
| 692 | 07|2gccst|aWoodworking industry |
| 710 | 1 |aCanada. |bDominion Bureau of Statistics. |bForestry Section. |
| 710 | 1 |aCanada. |bDominion Bureau of Statistics. |bIndustry and Merchandising Division. |
| 785 | 00|tMiscellaneous wood industries |w(CaOODSP)9.864496 |
| 785 | 00|tWooden box factories |w(CaOODSP)9.864549 |
| 785 | 00|tCoffin and casket industry |w(CaOODSP)9.864556 |
| 792 | |tThe miscellaneous wood-using industries |efre|w(CaOODSP)9.864513 |